|
|
|
|
| LEADER |
00000nam0a2200000 4500 |
| 001 |
114634 |
| 005 |
20231101215214.0 |
| 010 |
|
|
|a 5265009748
|
| 020 |
|
|
|a RU
|b 89-80948
|
| 035 |
|
|
|a (RuTPU)RU\TPU\book\123969
|
| 090 |
|
|
|a 114634
|
| 100 |
|
|
|a 20070424d1989 m y0rusy5003 ca
|
| 101 |
0 |
|
|a rus
|
| 102 |
|
|
|a RU
|
| 105 |
|
|
|a y z 001gy
|
| 200 |
1 |
|
|a Полное собрание стихотворений
|e В 2 т.
|f М. Ю. Лермонтов
|g [сост., подгот. текста и примеч. Э. Э. Найдича; Редкол.: Ю. А. Андреев (гл. ред.) и др.; Вступ. ст. Д. Е. Максимова, с. 5-60]
|h Т. 1
|i Стихотворения и драмы
|
| 205 |
|
|
|a 3-е изд.
|
| 210 |
|
|
|a Ленинград
|c Советский писатель
|d 1989
|
| 215 |
|
|
|d 21 см
|e (ил.)
|a 688 с.
|
| 225 |
1 |
|
|a Библиотека поэта
|a Большая серия
|
| 320 |
|
|
|a Примечания: с. 627-678.
|
| 610 |
1 |
|
|a русская литература
|
| 610 |
1 |
|
|a стихотворения
|
| 610 |
1 |
|
|a драмы
|
| 675 |
|
|
|a Р1
|z rus
|v 3
|
| 700 |
|
1 |
|a Лермонтов
|b М. Ю.
|c русский поэт
|c писатель
|f 1814-1841
|g Михаил Юрьевич
|2 stltpush
|3 (RuTPU)RU\TPU\pers\1023
|9 452
|
| 702 |
|
1 |
|a Андреев
|b Ю. А.
|g Юрий Андреевич
|4 340
|
| 702 |
|
1 |
|a Максимов
|b Д. Е.
|4 080
|
| 801 |
|
0 |
|a RU
|b RuMRKP
|c 19950417
|g psbo
|
| 801 |
|
1 |
|a RU
|b 63413507
|c 20070424
|g PSBO
|
| 801 |
|
2 |
|a RU
|b 63413507
|c 20140913
|g PSBO
|
| 942 |
|
|
|c BK
|